000 00713nam a2200289Ia 4500
005 20260324114446.0
008 008 260324s9999 xx 000 0 eng d
020 _a9781003242581
037 _aEBOOK
040 _aCRL
040 _beng
040 _cCRL
041 _2eng
041 _aeng
084 _qCRL
100 _aShahab D. Mohaghegh
_91052577
245 0 _aSmart Proxy Modeling
245 0 _bArtificial Intelligence and Machine Learning in Numerical Simulation
260 _bTaylor and Francis
260 _c2022
365 _a
365 _b210
856 _uhttp://www.taylorfrancis.com/books/9781003242581
942 _cEBOOK
999 _c1741063
_d1741063